Knitting

Bibliographic Details
Main Author: Richards, Ena
Format: Book
Published: Kent : Search Press Limited , 1988
Subjects:

MARC

LEADER 00000cam a2200000 7i4500
001 0000027770
005 20120619.0
020 |a 0855324287 
090 0 0 |a 746.92   |b RIC 
100 1 |a Richards, Ena 
245 1 0 |a Knitting   |c Ena Richards 
260 |a Kent :   |b Search Press Limited ,   |c 1988 
300 |a 32p. :   |b ill ;   |c 17cm. 
650 0 0 |a Knitting 
650 0 0 |a Needle craft 
999 |a 082210   |b BUKU   |c PINJAMAN   |e PERPUSTAKAAN KOMUNITI PETALING JAYA